000
00270nam a22001217a 4500
020
_a
0-220-66361-0
082
_a
658.4 MAU'L
100
_a
MAUDE, BANG
_9
76320
245
_a
LEADERSHIP IN MANAGEMENT
260
_a
EUROPE
_b
BUSINESS
_c
1978
300
_a
240P
942
_c
BK
999
_c
581714
_d
581714